[Event "Belgrade Trophy 20th"]
[Site "Belgrade"]
[Date "2007.11.27"]
[Round "6"]
[White "Zivanic, Marko"]
[Black "Parligras, Mircea Emilian"]
[Result "1/2-1/2"]
[WhiteElo "2460"]
[BlackElo "2553"]
[PlyCount "50"]
[EventDate "2007.11.22"]
[EventType "swiss"]
[EventRounds "9"]
[EventCountry "YUG"]
[SourceTitle "CBM 121 Extra"]
[Source "ChessBase"]
[SourceDate "2008.01.10"]
[SourceVersion "1"]
[SourceVersionDate "2008.01.10"]
[SourceQuality "1"]

1. d4 Nf6 2. Nf3 e6 3. c4 c5 4. d5 b5 5. Bg5 exd5 6. cxd5 d6 7. e4 a6 8. a4 Be7 9. axb5 Nxe4 10. Bxe7 Qxe7 11. Be2 0-0 12. 0-0 Bb7 13. Re1 axb5 14. Rxa8 Bxa8 15. Bf1 f5 16. Bxb5 Qf7 17. Bc4 Nd7 18. Nc3 Nb6 19. Ba2 h6 20. Nxe4 fxe4 21. Rxe4 Bxd5 22. Bxd5 Qxd5 23. Qe2 Nd7 24. Re3 Nf6 25. h3 Rf7 1/2-1/2